| 000 | 00492 a2200181 4500 | ||
|---|---|---|---|
| 003 | OSt | ||
| 005 | 20240207102111.0 | ||
| 008 | 240207b |||||||| |||| 00| 0 eng d | ||
| 020 | _a9789382934134 | ||
| 040 | _cOCLC | ||
| 082 |
_a894.8123 _bLAL/K |
||
| 100 |
_aLal, S. R _910395 |
||
| 245 |
_aKalivattam / _cS R LAL |
||
| 250 | _a2nd ed. | ||
| 260 |
_aKozhikode: _bOlive Publications, _c2023. |
||
| 300 | _a88p. | ||
| 942 |
_2ddc _cBK _h894.8123 _iLAL/K _k894.8123 _mLAL/K |
||
| 999 |
_c44332 _d44332 |
||